[Event "CRO-chT U18 Girls"]
[Site "Cakovec"]
[Date "2019.12.29"]
[Round "4.3"]
[White "Buchwald, Svea"]
[Black "Krpan, Lucija"]
[Result "1-0"]
[WhiteElo "1600"]
[BlackElo "1665"]
[PlyCount "103"]
[EventDate "2019.12.27"]
[EventType "team-tourn"]
[EventRounds "5"]
[EventCountry "CRO"]
[SourceTitle "CBM 194 Extra"]
[Source "ChessBase"]
[SourceDate "2020.03.31"]
[SourceVersion "1"]
[SourceVersionDate "2020.03.31"]
[SourceQuality "1"]

1. e4 e5 2. Nf3 d6 3. h3 Be7 4. Nc3 Nf6 5. Bc4 0-0 6. 0-0 Nbd7 7. d3 b6 8. Nd5 Nxd5 9. Bxd5 Rb8 10. Be3 Nf6 11. Bc6 Bd7 12. Bxd7 Qxd7 13. Qd2 h6 14. Rfe1 d5 15. Nxe5 Qd6 16. Bf4 Nh5 17. exd5 Qxd5 18. Bh2 Bg5 19. Qe2 g6 20. Qe4 Qd6 21. Nc6 Qc5 22. Nxb8 Rxb8 23. Qc4 Qf5 24. Qxc7 Bf4 25. Bxf4 Rc8 26. Qe5 Qd7 27. Bxh6 Qc6 28. c3 f6 29. Qe6+ Kh7 30. Qxc6 Rxc6 31. Be3 a5 32. g4 Ng7 33. Bd2 f5 34. gxf5 Nxf5 35. Bg5 Rd6 36. d4 Rd5 37. h4 Nd6 38. Re7+ Kg8 39. Rd7 Kf8 40. Be7+ Ke8 41. Rxd6 Rxd6 42. Bxd6 Kd7 43. Bf4 Ke6 44. Re1+ Kf5 45. Bc7 Kg4 46. Bxb6 a4 47. d5 Kxh4 48. d6 Kh3 49. d7 Kg4 50. d8Q Kf3 51. Qh4 a3 52. Re3# 1-0